Famous Athletes Wearing Funny Hats - Statistics

General Stats
  • This quiz has been taken 38 times
  • The average score is 16 of 28
Answer Stats
Picture Answer % Correct
Mike Tyson
97%
Lebron James
88%
Muhammad Ali
79%
Shaquille O'Neal
79%
Michael Jordan
76%
Serena Williams
76%
Steph Curry
76%
David Beckham
74%
Neymar
68%
Tom Brady
68%
Diego Maradona
62%
Babe Ruth
59%
Cristiano Ronaldo
59%
John Cena
56%
Max Verstappen
56%
Simone Biles
56%
Lionel Messi
53%
Lewis Hamilton
50%
Michael Phelps
47%
Shohei Ohtani
44%
Kobe Bryant
38%
Steffi Graf
35%
Pele
32%
Roger Federer
32%
Usain Bolt
29%
Maria Sharapova
26%
Tiger Woods
26%
Wayne Gretzky
18%
No matching quizzes found
Score Distribution
Percent of People with Each Score
Percentile by Number Answered
Your Score History
You have not taken this quiz